Capital Region Int. Airport Destinations (Lansing, MI, USA) - Statistics

General Stats
  • This quiz has been taken 38 times
    28 since last reset
  • The average score is 3 of 5
Answer Stats
Airline Destination % Correct
American Eagle Chicago (O'Hare)
100%
Delta Connection Detroit
94%
American Eagle Washington (National)
61%
Breeze Airways Orlando
50%
Breeze Airways Fort Myers
22%
No matching quizzes found
Score Distribution
Percent of People with Each Score
Percentile by Number Answered
Your Score History
You have not taken this quiz since the last reset